Schaum's 3000 solved problems in electric circuits (Record no. 80324)

MARC details
000 -LEADER
fixed length control field 00747nam a2200193 a 4500
008 - FIXED-LENGTH DATA ELEMENTS--GENERAL INFORMATION
fixed length control field 080109s1988 ||||||||||||||||| || u
020 ## - INTERNATIONAL STANDARD BOOK NUMBER
International Standard Book Number 0070459215
050 ## - LIBRARY OF CONGRESS CALL NUMBER
Classification number TK 454 Nas
100 ## - MAIN ENTRY--PERSONAL NAME
Personal name Nasar, Syed A
245 10 - TITLE STATEMENT
Title Schaum's 3000 solved problems in electric circuits
260 ## - PUBLICATION, DISTRIBUTION, ETC.
Place of publication, distribution, etc. New York :
Name of publisher, distributor, etc. McGraw-Hill
Date of publication, distribution, etc. 1988
300 ## - PHYSICAL DESCRIPTION
Extent v, 746p. : ill.
350 ## -
-- 0.00
650 #0 - SUBJECT ADDED ENTRY--TOPICAL TERM
Topical term or geographic name entry element ELECTRONICS
650 ## - SUBJECT ADDED ENTRY--TOPICAL TERM
Topical term or geographic name entry element ELECTRONIC CIRCUITS
650 ## - SUBJECT ADDED ENTRY--TOPICAL TERM
Topical term or geographic name entry element ELECTRIC CIRCUITS--TEXTBOOKS
995 ## -
-- SHORT LOAN BOOKS
-- 0.00
-- 727132
-- CBU-MAIN LIBRARY (Kitwe)
-- 2
-- 19.95
-- TK 454 Nas
-- 2
-- AVAILABLE
-- 018450
-- Short Loan Collection
995 ## -
-- SHORT LOAN BOOKS
-- 0.00
-- 721955
-- CBU-MAIN LIBRARY (Kitwe)
-- 1
-- 19.95
-- TK 454 Nas
-- 1
-- AVAILABLE
-- 020628
-- Short Loan Collection
999 ## -
-- 80324
-- 80324
Holdings
Withdrawn status Lost status Source of classification or shelving scheme Damaged status Not for loan Permanent Location Current Location Shelving location Date acquired Total Checkouts Full call number Barcode Date last seen Copy number Price effective from Koha item type
          CBU-MAIN LIBRARY, KITWE. CBU-MAIN LIBRARY, KITWE.   06/29/2023   TK 454 Nas 018450 06/29/2023 1 06/29/2023 SHORT LOAN COLLECTION
          CBU-MAIN LIBRARY, KITWE. CBU-MAIN LIBRARY, KITWE.   06/29/2023   TK 454 Nas 020628 06/29/2023 2 06/29/2023 SHORT LOAN COLLECTION